00230nam a22000857a 4500082001900000245005700019300002300076526003700099650000800136 a358.20954bSHO aA Short history of the 17th and 22nd Field Companies a131. Pbill,c15cm a0b0c0d358_209540000000000_SHO aMCE